| Tag |
First Indicator |
Second Indicator |
Subfields |
| LEADER |
00000cam a22000001a 4500 |
| 001 |
in00003636521 |
| 005 |
20190408170303.0 |
| 006 |
m o d f |
| 007 |
cr bn mmmapmmp |
| 008 |
141127s1900 dcu o f000 0 eng d |
| 035 |
|
|
|a ebd1909205165
|
| 040 |
|
|
|a UMI
|c UMI
|d UtOrBLW
|
| 086 |
0 |
|
|a W 23.7:900/7
|
| 099 |
|
|
|a W2307a-3
|
| 110 |
1 |
|
|a United States.
|b War Department.
|0 http://id.loc.gov/authorities/names/n79084108
|
| 245 |
1 |
0 |
|a Roster of troops serving in Department of Porto Rico, commanded by Brigadier General George W. Davis, U.S. Volunteers.
|
| 264 |
|
1 |
|a [Washington] :
|b The Department,
|c 1900.
|
| 300 |
|
|
|a 1 online resource (14 pages)
|
| 336 |
|
|
|a text
|b txt
|2 rdacontent
|
| 337 |
|
|
|a computer
|b c
|2 rdamedia
|
| 338 |
|
|
|a online resource
|b cr
|2 rdacarrier
|
| 500 |
|
|
|a Reports include listings of troops and officers at selected posts, and staff officers; and table of distances between posts. Reports for Aug. 1899, Dec. 1899, and Nov. 1900 also include listing of telephone, heliograph, and telegraph stations; reports for Nov. 1900 and Feb. 1901, data on troop strength and distribution.
|
| 533 |
|
|
|a Electronic reproduction.
|b [Bethesda, Md.] :
|c ProQuest,
|d 2014.
|e digital, PDF file.
|n ProQuest U.S. Executive Branch Documents
|n Mode of access: World Wide Web via ProQuest website.
|
| 588 |
|
|
|a Record is based on online resource; title from PDF title page (ProQuest, last viewed Nov. 2014). Reuse except for individual research requires license from ProQuest, LLC.
|
| 500 |
|
|
|a Electronic resource.
|
| 650 |
|
0 |
|a Armed Forces
|x Officers.
|0 http://id.loc.gov/authorities/subjects/sh85007248
|
| 650 |
|
0 |
|a Communications, Military.
|0 http://id.loc.gov/authorities/subjects/sh85029110
|
| 650 |
|
0 |
|a Geography.
|0 http://id.loc.gov/authorities/subjects/sh85053986
|
| 650 |
|
0 |
|a Telegraph.
|0 http://id.loc.gov/authorities/subjects/sh85133315
|
| 655 |
|
7 |
|a Electronic books.
|2 local
|
| 856 |
4 |
0 |
|u http://proxy.library.tamu.edu/login?url=http://congressional.proquest.com/congressional/docview/t66.d71.w2307a-3
|z Connect to the full text of this electronic document
|t 0
|
| 999 |
f |
f |
|s 38e65b44-7577-3ec5-96cd-e77c48f06924
|i 2cffa42c-5474-34e8-a85b-29ec9aeec949
|t 0
|
| 952 |
f |
f |
|a Texas A&M University
|b College Station
|c Electronic Resources
|d Available Online
|t 0
|h No information provided
|
| 998 |
f |
f |
|t 0
|l Available Online
|